Every Ring 8 Tower - Statistics

General Stats
  • This quiz has been taken 9 times
  • The average score is 11 of 13
Answer Stats
Difficulty Tower % Correct
Intense Citadel of {Constant Heart Stopping}
100%
Extreme Tower of {Externalizing Insanity}
100%
Catastrophic Tower of {Generation Failure}
100%
Remorseless Tower of {Mean Tasks}
100%
Hard Tower of {Needing Basic Aptitude}
100%
Medium Tower of {Somewhat Simple Scaling}
100%
Extreme Tower of {Suffering Outside}
100%
Remorseless Tower of {Verdant Entropy}
100%
Challenging Tower of {Voluminous Framework}
100%
Challenging Tower of {Aamos’ Anger}
67%
Intense Tower of {Insanely Innovative Ideas}
67%
Challenging Tower of {Vibrant Adventures}
67%
Intense Tower of {Uneasy Scaling}
33%
No matching quizzes found
Score Distribution
Percent of People with Each Score
Percentile by Number Answered
Your Score History
You have not taken this quiz